| 000 | 00559nam a2200193 a 4500 | ||
|---|---|---|---|
| 005 | 20240910064201.0 | ||
| 008 | 010716s1997 es r 000 0 spa d | ||
| 020 | _a8470439871 | ||
| 035 | _aUPN01000111880 | ||
| 049 | _aCG | ||
| 050 | 4 |
_aBD450 _bC3.5 |
|
| 100 | 1 | _aCamozzi Barrios, Rolando | |
| 245 | 1 | 0 |
_aAproximaciónes al hombre : _bsíntesis filosófico-antropológica / _cRolando Camozzi Barrios. |
| 260 |
_aMadrid : _bCCS, _c1997. |
||
| 300 |
_a261 p. : _bil. |
||
| 440 | 0 |
_aEducar ; _v6 |
|
| 650 | 4 |
_aAntropología filosófica _94784 |
|
| 905 | _aLibro | ||
| 999 |
_c85788 _d85788 |
||